The effects of distance learning : a summary of the literature : paper for the Congress of the United States, Office of Technology Assessment /

Bibliographic Details
Main Author: Moore, Michael G.
Corporate Author: United States. Congress. Office of Technology Assessment
Format: Government Document Book
Language:English
Published: [Washingtron, D.C.?] : [The Office], [1989]
Subjects:

MARC

Tag First Indicator Second Indicator Subfields
LEADER 00000cam a2200000 a 4500
001 in00001032001
005 20150929082527.0
008 911211s1989 dcu b f000 0 eng d
010 |a (DG92057947  
035 |a (OCoLC)24929659 
035 |9 AFJ5825AM 
040 |a GPO  |c GPO  |d DLC  |d UtOrBLW 
043 |a n-us--- 
074 |a 1070-M (MF) 
086 0 |a Y 3.T 22/2:2 L 47/effects 
100 1 |a Moore, Michael G. 
245 1 4 |a The effects of distance learning :  |b a summary of the literature : paper for the Congress of the United States, Office of Technology Assessment /  |c Michael G. Moore. 
264 1 |a [Washingtron, D.C.?] :  |b [The Office],  |c [1989] 
300 |a 34 pages ;  |c 28 cm. 
336 |a text  |b txt  |2 rdacontent 
337 |a unmediated  |b n  |2 rdamedia 
338 |a volume  |b nc  |2 rdacarrier 
500 |a "May 31, 1989." 
504 |a Includes bibliographical references. 
650 0 |a Distance education  |z United States. 
650 0 |a Television in education  |z United States. 
650 0 |a Audio-visual education  |z United States. 
710 1 |a United States.  |b Congress.  |b Office of Technology Assessment. 
999 |a MARS 
999 f f |s 39a6a6bf-00a5-382d-a7c8-380f213f4a2a  |i d50c8943-ed1e-303e-b4a7-ae1a219de641  |t 0 
952 f f |p normal  |a Texas A&M University  |b College Station  |c Sterling C. Evans Library  |d Evans: US Documents (Annex 5th floor)  |t 0  |e Y 3.T 22/2:2 L 47/effects  |h Superintendent of Documents classification  |i unmediated -- volume  |m A14815868232 
998 f f |a Y 3.T 22/2:2 L 47/effects  |t 0  |l Evans: US Documents (Annex 5th floor)